| 000 | 00938nam a2200217 4500 | ||
|---|---|---|---|
| 003 | CO-ViMGA | ||
| 020 | _a9789587171747 | ||
| 040 |
_aCO-ViMGA _bspa _cCO-ViMGA |
||
| 082 | 0 | 4 |
_a741.5 _bF67a |
| 100 | 1 |
_aFortich Palencia, William. _97462 |
|
| 245 | 1 | 0 |
_aPrecursores de la libertad: Antonio Nariño del derecho a la libertad : _bnovela gráfica / _cWilliam Fortich Palencia, Camilo Ramírez, Iván González García, Gustavo Adolfo Ramírez Ariza. |
| 260 |
_aColombia: _bImprenta distrital, _c2015. |
||
| 300 |
_a140 p. : _bil. ; 27 cm. |
||
| 500 | _aContiene doble cara ( Antoni Nariño - Benkos Bioho ) | ||
| 650 | 1 | 4 |
_aAntonio Nariño del derecho a la libertad - Novela Gráfica. _97463 |
| 650 | 1 | 4 |
_aEl rey de Matuna de esclavizado a libertador - Novela gráfica. _97464 |
| 700 | 1 |
_aDaza Rodríguez, Cristina. _97465 |
|
| 700 | 1 |
_aGonzález García, Iván. _97466 |
|
| 700 | 1 |
_aRamírez Ariza, Gustavo Adolfo. _97467 |
|
| 942 |
_2ddc _cBK |
||
| 999 |
_c37742 _d37742 |
||